|
|
|
|
| LEADER |
01224nam a2200313 a 4500 |
| 001 |
17601 |
| 003 |
BD-DhAAL |
| 005 |
20140610120710.0 |
| 008 |
140610s1993 nyu b 001 0 eng |
| 010 |
|
|
|a 93015321
|
| 020 |
|
|
|a 0415907896
|
| 020 |
|
|
|a 041590790X (pbk.)
|
| 040 |
|
|
|a DLC
|c DLC
|d DLC
|d BD-DhAAL
|
| 050 |
0 |
0 |
|a HQ1190
|b .F59 1993
|
| 082 |
0 |
0 |
|a 305.42/01
|2 20
|
| 100 |
1 |
|
|a Flax, Jane.
|9 4878
|
| 245 |
1 |
0 |
|a Disputed subjects :
|b essays on psychoanalysis, politics, and philosophy /
|c Jane Flax.
|
| 260 |
|
|
|a New York :
|b Routledge,
|c 1993.
|
| 300 |
|
|
|a xvi, 188 p. ;
|c 23 cm.
|
| 504 |
|
|
|a Includes bibliographical references (p. 149-177) and index.
|
| 541 |
|
|
|e 17601
|
| 650 |
|
0 |
|a Feminist theory.
|9 4879
|
| 650 |
|
0 |
|a Psychoanalysis and feminism.
|9 4635
|
| 650 |
|
0 |
|a Postmodernism.
|9 4351
|
| 650 |
|
0 |
|a Philosophy, Modern
|x 20th century.
|9 4880
|
| 856 |
4 |
2 |
|3 Publisher description
|u http://www.loc.gov/catdir/enhancements/fy0916/93015321-d.html
|
| 942 |
|
|
|2 ddc
|c BK
|
| 999 |
|
|
|c 14418
|d 14418
|
| 952 |
|
|
|0 0
|1 0
|2 ddc
|4 0
|6 305_420100000000000_FLA
|7 0
|9 24419
|a BRACUL
|b BRACUL
|c GEN
|d 2014-06-10
|l 1
|o 305.4201 FLA
|p 3010017601
|r 2025-06-25
|s 2025-06-18
|t 1
|w 2014-06-10
|y BK
|x Transferred from ENH to Ayesha Abed library on 20/12/2023
|